00663nam a22001937a 450000500170000000800440001702000150006105000210007610000230009724000260012024501070014625000120025326000520026530000310031765000190034865000340036770000370040170000310043820230110145035.0230110b sp ||||| |||| 00| 0 spa d a847031204904aSD373 bK86 19741 aKümmerly, Walter1 aDer Wald lespañol 13aEl gran libro del bosque c/ Kümmerly Walter ; versión castellana Alfonsina Janés, Joan Vinyes.  a1a ed.  aBarcelona, España : bEditorial Blume, c1974 a297 p. : bil. ; c32 cm.  72lembaBosques  72lembaBosques y silvicultura 1 aJanés, Alfonsina, etraductor 1 aVinyes, Joan, etraductor